[Event "SRB-chT3 East"]
[Site "Serbia"]
[Date "2017.10.13"]
[Round "8.5"]
[White "Desic, Zoran"]
[Black "Jovanovic, Milan D"]
[Result "0-1"]
[WhiteElo "2001"]
[BlackElo "2055"]
[PlyCount "146"]
[EventDate "2017.09.03"]
[EventType "team-tourn"]
[EventRounds "11"]
[EventCountry "SRB"]
[SourceTitle "EXT 2022"]
[Source "ChessBase"]
[SourceDate "2021.10.06"]
[SourceVersion "1"]
[SourceVersionDate "2021.10.06"]
[SourceQuality "1"]

1. e4 c5 2. Nf3 Nc6 3. d4 cxd4 4. Nxd4 Qb6 5. Nb3 Nf6 6. Nc3 e6 7. Be3 Qc7 8. Qd2 a6 9. 0-0-0 d6 10. f4 b5 11. e5 dxe5 12. fxe5 Nd7 13. Bd3 Ncxe5 14. Be4 Nc4 15. Qe2 Bb7 16. Bf2 Be7 17. Bg3 Qc8 18. Rhf1 Nf6 19. Qf3 Bxe4 20. Nxe4 0-0 21. Bh4 Ne5 22. Qh3 Nxe4 23. Bxe7 Re8 24. Bh4 Ng6 25. Be1 Qc4 26. Ba5 Rac8 27. Qd3 Qxd3 28. Rxd3 Ne5 29. Re3 f5 30. Bb4 Rc4 31. a3 Ng4 32. Rh3 Rd8 33. Na5 Rc7 34. Nb3 Rcd7 35. Ba5 Rc8 36. Bb6 Rd6 37. Bg1 h6 38. Rhf3 Ne5 39. Re3 Nc4 40. Re2 Rcd8 41. Bc5 Rd5 42. Bb4 Rc8 43. g4 g6 44. Rg1 Kh7 45. h4 Ne5 46. h5 gxh5 47. gxh5 Nd3+ 48. Kb1 Nf4 49. Rh2 Rg8 50. Rf1 Rg4 51. Nd2 Ng3 52. Re1 e5 53. Ba5 e4 54. Bc7 Nfxh5 55. Rg1 e3 56. Nf3 f4 57. Ne5 Rg7 58. Bb8 Rd8 59. Nc6 Rxb8 60. Nxb8 f3 61. Nc6 f2 62. Rc1 Rf7 63. Ne5 f1Q 64. Rxf1 Rxf1+ 65. Ka2 e2 66. Nd3 Rd1 67. b3 Rxd3 68. Rxe2 Nxe2 69. cxd3 Nc1+ 70. Kb2 Nxd3+ 71. Kc3 Nhf4 72. a4 b4+ 73. Kd4 h5 0-1